000 01453nam a2200373 i 4500
001 768714001
003 CO-MdFUSB
005 20240531062749.0
007 ta
008 210825t2016 -us |||| |||| 00| 0 spa d
020 _a9780997336931
040 _aCO-MdFUSB
_bspa
_cCO-MdFUSB
_dCO-MdFUSBC
_erda
041 _aspa
082 _223
_a261.56
_bL951
100 _aLugo, Vladimir ‎
_eautor
245 1 _aCibermadurez :
_b7 pasos para que las tecnologías ministeriales den mucho fruto
_c/ Vladimir ‎Lugo
264 1 _aEstados Unidos :
_bTecnites Media,
_c[2016]
264 4 _c© 2016
300 _a217 páginas
_c; 22 cm
336 _2rdacontent
_atexto
_btxt
337 _2rdamedia
_asin mediación
_bn
338 _2rdacarrier
_avolumen
_bnc
490 1 _aCiberministerio
504 _aIncluye referencias bibliográficas (páginas 211-214)
505 _aLa madurez. -- La inmadurez. -- La tecnología. -- Modelos de madurez. -- Mapas de madurez. -- La madurez de Dios. -- Cibermadurez. -- Evaluando la madurez. -- Aplicando la madurez. -- Mapa personalizado. -- Escala de actitudes. -- Cuestionario. -- Rueda de tecnología. -- Para discusión.
563 _aRústico
650 7 _aCristianismo
_2
_922
650 0 _919
_aVida cristiana
653 _aReligión y espiritualidad
653 _aCristianismo -- Tecnología.
830 _aCiberministerio
_v2
942 _cBK
945 _aJTF-925
999 _c66858
_d66858